00522nam a2200229Ia 4500008004000000020001800040041000800058082001600066100002000082245006200102250000500164260003200169300001100201650000900212650000700221650000900228650001400237650000800251650001500259650001000274650000800284210210b2010 xxu||||| |||| 00| 0 eng d a9788175545090 aeng a153.93 CART aCARTER (Philip) aTest your IQ: 400 questions to boost your brainpower Ed 2 a aNew DelhibKogan Pagec2010 aiv,172 ayour ato aTest aquestions aIQ: abrainpower aboost a400